12 meseci za 15 sekundi - Statistics

General Stats
  • This quiz has been taken 3 253 times
  • The average score is 7 of 12
Answer Stats
Pomoć Naziv meseca % Correct
Prvi mesec u godini januar
98%
Drugi mesec u godini februar
89%
Treći mesec u godini mart
87%
Četvrti mesec u godini april
80%
Šesti mesec u godini jun
77%
Peti mesec u godini maj
77%
Sedmi mesec u godini jul
72%
Osmi mesec u godini avgust
57%
Deveti mesec u godini septembar
33%
Deseti mesec u godini oktobar
22%
Jedanaesti mesec u godini novembar
13%
Dvanaesti mesec u godini decembar
8%
No matching quizzes found
Score Distribution
Percent of People with Each Score
Percentile by Number Answered
Your Score History
You have not taken this quiz